<?xml version="1.0" encoding="UTF-8"?>
<record
    xmlns:xsi="http://www.w3.org/2001/XMLSchema-instance"
    xsi:schemaLocation="http://www.loc.gov/MARC21/slim http://www.loc.gov/standards/marcxml/schema/MARC21slim.xsd"
    xmlns="http://www.loc.gov/MARC21/slim">

  <leader>00310nam a22001217a 4500</leader>
  <datafield tag="040" ind1=" " ind2=" ">
    <subfield code="c">sy</subfield>
  </datafield>
  <datafield tag="082" ind1=" " ind2=" ">
    <subfield code="a">339</subfield>
  </datafield>
  <datafield tag="100" ind1=" " ind2=" ">
    <subfield code="a">&#x17A0;&#x17C1;&#x1784; &#x1785;&#x17C6;&#x179A;&#x17BE;&#x1793;</subfield>
  </datafield>
  <datafield tag="245" ind1=" " ind2=" ">
    <subfield code="a">&#x1798;&#x17B8;&#x1780;&#x17D2;&#x179A;&#x17BC;&#x179F;&#x17C1;&#x178A;&#x17D2;&#x178B;&#x1780;&#x17B7;&#x1785;&#x17D2;&#x1785;&#x179C;&#x17B7;&#x1791;&#x17D2;&#x1799;&#x17B6;</subfield>
  </datafield>
  <datafield tag="260" ind1=" " ind2=" ">
    <subfield code="a">RUA</subfield>
    <subfield code="b">&#x17A0;&#x17C1;&#x1784; &#x1785;&#x17C6;&#x179A;&#x17BE;&#x1793;</subfield>
    <subfield code="c">2003</subfield>
  </datafield>
  <datafield tag="300" ind1=" " ind2=" ">
    <subfield code="a">96p;</subfield>
  </datafield>
  <datafield tag="942" ind1=" " ind2=" ">
    <subfield code="c">KB</subfield>
  </datafield>
  <datafield tag="999" ind1=" " ind2=" ">
    <subfield code="c">8499</subfield>
    <subfield code="d">8499</subfield>
  </datafield>
  <datafield tag="952" ind1=" " ind2=" ">
    <subfield code="0">0</subfield>
    <subfield code="1">0</subfield>
    <subfield code="4">0</subfield>
    <subfield code="6">339_000000000000000_&#x17A0;&#x17C1;&#x1784;_2003_C191</subfield>
    <subfield code="7">0</subfield>
    <subfield code="9">51096</subfield>
    <subfield code="a">LBC</subfield>
    <subfield code="b">LBC</subfield>
    <subfield code="c">C191</subfield>
    <subfield code="d">2016-08-30</subfield>
    <subfield code="o">339 &#x17A0;&#x17C1;&#x1784; 2003 C191</subfield>
    <subfield code="p">RUA045643</subfield>
    <subfield code="r">2016-08-30</subfield>
    <subfield code="y">KB</subfield>
  </datafield>
  <datafield tag="952" ind1=" " ind2=" ">
    <subfield code="0">0</subfield>
    <subfield code="1">0</subfield>
    <subfield code="4">0</subfield>
    <subfield code="6">339_000000000000000_&#x17A0;&#x17C1;&#x1784;_2000_C064</subfield>
    <subfield code="7">0</subfield>
    <subfield code="9">51757</subfield>
    <subfield code="a">LBC</subfield>
    <subfield code="b">LBC</subfield>
    <subfield code="c">C064</subfield>
    <subfield code="d">2016-09-06</subfield>
    <subfield code="o">339 &#x17A0;&#x17C1;&#x1784; 2000 C064</subfield>
    <subfield code="p">RUA045211</subfield>
    <subfield code="r">2016-09-06</subfield>
    <subfield code="y">KB</subfield>
  </datafield>
</record>
